000 00740nam a2200265Ia 4500
003 OSt
005 20220918223116.0
006 a|||||r|||| 00| 0
007 ta
008 220917b |||||||| |||| 00| 0 eng d
024 _a220,479
037 _cTextual
040 _aARTS
_cARTS
_beng
041 _2eng
_aeng
082 _aZ:(R), L5 (RR)
100 _aFeinberg Joel ed
245 0 _aPhilosophy of law
260 _aCalifornia
_bDickenson
_c1975
300 _avii,632p
_ccm.
490 _aDickenson series in philosophy, ed by Joel Feinberg
650 _aLAW
_97240
700 _a Gross Hyman ed
_9144952
942 _hZ:(R), L5 (RR)
_cTEXL
_2CC
999 _c277495
_d277495